Explore the world of : marvellous machines

Bibliographic Details
Main Author: Williams, Brian
Other Authors: Quigley, Sebastian
Format: Book
Published: Oxford : Liber Pressc1991
Subjects:

MARC

LEADER 00000cam a2200000 7i4500
001 0000037367
005 20131001.0
008 131001
020 |a 1857340019 
090 0 0 |a 629   |b WIL 
100 1 |a Williams, Brian 
245 1 0 |a Explore the world of :   |b marvellous machines   |c text by Brian Williams; illustrated by Sebastian Quigley 
260 |a Oxford :   |b Liber Pressc1991 
650 0 |a Flying-machines 
650 0 |a Motor vehicles 
650 0 |a Transportation 
700 1 |a Quigley, Sebastian 
999 |a 0000819852   |b Book   |c Adult Collection   |e Cawangan Segamat 
999 |a 0000819853   |b Book   |c Adult Collection   |e Cawangan Segamat 
999 |a 0000820227   |b Book   |c Adult Collection   |e Cawangan Segamat 
999 |a 0001243327   |b Book   |c Adult Collection   |e Perbadanan Perpustakaan Awam Johor